Caribbean, Gulf of Mexico, The Bahamas Quiz - Statistics

General Stats
  • This quiz has been taken 6 times
  • The average score is 7 of 15
Answer Stats
Hint Answer % Correct
Famous people from Barbados? Rihanna
100%
Most popular sport in Trinidad? Cricket
80%
What country is Punta Cana in? Dominican Republic
80%
Where was Marcus Garvey born? Jamaica
80%
American writer who loved Cuba? Ernest Hemingway
60%
Where was baseball player Roberto Clemente born? Puerto Rico
60%
Capital of Grenada? St. George's
60%
What is the title of the head of state of Grenada? Prime Minister
40%
The Greater and Lesser Antilles are known collectively as? The West Indies
40%
Most common species of shark? Caribbean reef shark
20%
The capital of Barbuda? Codrington
20%
The prefecture of Martinique? Fort-de-France
20%
Best snorkeling in Bonaire? Karpata
20%
Island in The Bahamas where Blackbeard drank rum and sharpened his cutlass? New Providence
20%
The Cayman Islands are frowned upon for what? Tax haven
20%
No matching quizzes found
Score Distribution
Percent of People with Each Score
Percentile by Number Answered
Your Score History
You have not taken this quiz